banner-ar

حياتى فى الفن الجزء الاول / (Record no. 50930)

MARC details
000 -الفاتح
حقل البيانات ثابتة الطول 00550nam a2200181Ia 4500
008 - عناصر البيانات ثابتة الطول - معلومات عامة
حقل البيانات ثابتة الطول 140319s9999 xx 000 0 ara d
040 ## - مصدر الفهرسة
وكالة الفهرسة الأصلية GCL /
وكالة النسخ GCL
082 04 - رقم تصنيف ديوى العشرى
رقم التصنيف 927
رقم المادة س ج
100 1# - المدخل الرئيسى - إسم شخصى
الإسم الشخصى درينى خشبة
245 10 - بيان العنوان
العنوان حياتى فى الفن الجزء الاول /
بيان المسئوليه,etc درينى خشبة
700 1# - المدخل الاضافى - اسم شخصى
الإسم الشخصى ستانسلافكى، ك
300 ## - الوصف المادى
التعداد 509 ص
490 ## - بيان السلسلة
عنوان السلسلة الهيئة العامة للاستعلامات
رقم المجلد/ التعيين التسلسلي 0
650 04 - المدخل الاضافى بالموضوع-مصطلح موضوعى
مصطلح موضوعي ستانسلافسكى، ك.
650 04 - المدخل الاضافى بالموضوع-مصطلح موضوعى
مصطلح موضوعي الفنانون - تراجم
942 ## - عناصر المدخل الإضافي( كوها)
مصدر التصنيف او مخطط الترفيف Dewey Decimal Classification
Koha [default] item type كتاب
Holdings
حالة التراجع حالة الفقد حالة تلف ليس للاعارة المكان المؤقت الموقع الحالى تاريخ الاكتساب اجمالي اﻻعارات رقم الطلب الباركود تاريخ اخر مشاهدة تاريخ تفعيل السعر نوع وعاء كوها
        مكتبة القاهرة الكبرى مكتبة القاهرة الكبرى 03/26/2014   927\س ج 122111 03/26/2014 03/26/2014 كتاب

Powered By

EGPV